| 000 | 02003cam a2200361 4500 | ||
|---|---|---|---|
| 001 | L127387 | ||
| 008 | 040914n2004 000 0 eng u | ||
| 020 | _a075064737X | ||
| 035 | _a(Sirsi) u127387 | ||
| 041 | _aeng | ||
| 050 |
_a692.5 _c18 |
||
| 110 | _aV B Johnson and Partners | ||
| 245 |
_aLaxton's building price book _bmajor and small works 2005 |
||
| 250 | _a177th ed. | ||
| 260 |
_aOxford _bLaxton _c2004 |
||
| 300 |
_aVarious pagings _c30cm. |
||
| 350 | _a110 | ||
| 505 | _aSection 1: introduction and preliminaries including allowances for regional factors and tender values | ||
| 505 | _aSection 2: major works (works within the range of £500 000 to £1 500 000 with adjustment for tender values from £250 000 to £5 000 000) | ||
| 505 | _aSection 3: small works (works within the range of £50 000 to £100 000 with adjustments for tender values from £15 000 to £250 000) | ||
| 505 | _aSection 4: repairs and maintenance works (works up to the value of £15 000) | ||
| 505 | _aSection 5: general information covering standard rates of wages, builders' and contractors' plant, guide prices to building types, cost allowances, national working rule agreement, daywork charges, Construction (Design and Management) Regulations 1994, fees, arbitration, tables, memoranda and metric system | ||
| 505 | _aSection 6: brands and trade names - company information and products and services | ||
| 520 | _aThe latest edition of this standard building price book used by quantity surveyors, contractors and subcontractors, architects, developers, public authorities and those interested in the cost and price of building works. | ||
| 520 | _aAccompanied by a CD-ROM (L145174) which is not available for loan | ||
| 520 | _aSuperseded by 178th edition (ISBN 0750665602). | ||
| 650 | _aSMALL WORKS | ||
| 650 | _aBUILDING PRICE BOOKS | ||
| 650 | _aMAJOR WORKS | ||
| 650 | _aBUILT ENVIRONMENT-BUILDING COSTS | ||
| 690 | _aBUILT ENVIRONMENT-BUILDING COSTS | ||
| 942 | _n0 | ||
| 999 |
_c103771 _d103771 |
||